Malāmiḥ al-mujtamaʻ al-ʻIrāqī. (Record no. 50272)

MARC details
000 -LEADER
fixed length control field 00677cam a22002171 4500
001 - CONTROL NUMBER
control field ne 68001317
003 - CONTROL NUMBER IDENTIFIER
control field DLC
005 - DATE AND TIME OF LATEST TRANSACTION
control field 20260227111840.0
008 - FIXED-LENGTH DATA ELEMENTS--GENERAL INFORMATION
fixed length control field 941018s1942 iq 000 0 arar
010 ## - LIBRARY OF CONGRESS CONTROL NUMBER
LC control number ne 68001317
035 ## - SYSTEM CONTROL NUMBER
System control number (OCoLC)31308094
040 ## - CATALOGING SOURCE
Original cataloging agency DLC
Transcribing agency CU
Modifying agency CU
-- DLC
042 ## - AUTHENTICATION CODE
Authentication code premarc
043 ## - GEOGRAPHIC AREA CODE
Geographic area code a-iq---
050 00 - LIBRARY OF CONGRESS CALL NUMBER
Classification number DS70.6
Item number .Z3
100 0# - MAIN ENTRY--PERSONAL NAME
Personal name Zakī Mubārak.
245 10 - TITLE STATEMENT
Title Malāmiḥ al-mujtamaʻ al-ʻIrāqī.
Remainder of title Kitāb yuṣawwiru al-ʻIrāq fī madhāhibih al-adabīyah wa-al-qawmīyah wa-al-ijtimāʻīyah.
Statement of responsibility, etc. Zakī Mubārak.
260 ## - PUBLICATION, DISTRIBUTION, ETC.
Place of publication, distribution, etc. al-Qāhirah,
Name of publisher, distributor, etc. Maṭbaʻat Amīn ʻAbd al-Raḥmān,
Date of publication, distribution, etc. 1942.
300 ## - PHYSICAL DESCRIPTION
Extent 347 p.
Dimensions 20 cm.
651 #0 - SUBJECT ADDED ENTRY--GEOGRAPHIC NAME
Geographic name Iraq.

No items available.

Powered by Koha